[Event "Commonwealth-ch"]
[Site "Waskaduwa"]
[Date "2022.11.14"]
[Round "1"]
[White "Fernando, JM Marlon P"]
[Black "Karthik, Venkataraman"]
[Result "0-1"]
[WhiteElo "1497"]
[BlackElo "2486"]
[PlyCount "54"]
[EventDate "2022.11.14"]
[EventType "swiss"]
[EventRounds "9"]
[EventCountry "SRI"]
[SourceTitle "CBM 211 Extra"]
[Source "ChessBase"]
[SourceDate "2023.01.31"]
[SourceVersion "1"]
[SourceVersionDate "2023.01.31"]
[SourceQuality "1"]

1. d4 Nf6 2. c4 e6 3. Nf3 Bb4+ 4. Bd2 a5 5. Nc3 b6 6. g3 Ba6 7. b3 d5 8. e3 0-0 9. Ne5 c5 10. a3 cxd4 11. axb4 dxc3 12. Bxc3 Ne4 13. Qc2 Nxc3 14. Qxc3 axb4 15. Qc1 f6 16. Nd3 dxc4 17. bxc4 Bb7 18. Rxa8 Bxa8 19. Rg1 Na6 20. Qa1 Bb7 21. g4 Qd6 22. Rg3 Rd8 23. g5 f5 24. Be2 Nc5 25. Nxc5 bxc5 26. h4 Qd2+ 27. Kf1 b3 0-1

[Event "Negambo op 4th"]
[Site "Negambo"]
[Date "2018.08.20"]
[Round "9"]
[White "Amarasinghe, AACB"]
[Black "Fernando, JM Marlon P"]
[Result "1-0"]
[WhiteElo "1912"]
[BlackElo "1687"]
[PlyCount "64"]
[EventDate "2018.08.16"]
[EventType "swiss"]
[EventRounds "10"]
[EventCountry "SRI"]
[SourceTitle "CBM 186 Extra"]
[Source "ChessBase"]
[SourceDate "2018.08.24"]
[SourceVersion "1"]
[SourceVersionDate "2018.08.24"]
[SourceQuality "1"]

1. Nf3 d5 2. g3 e6 3. Bg2 c5 4. 0-0 g6 5. c4 Bg7 6. cxd5 exd5 7. d4 Nf6 8. Nc3 c4 9. Ne5 Nc6 10. Bg5 Be6 11. Nxc4 dxc4 12. d5 Qb6 13. dxe6 fxe6 14. Qa4 0-0 15. Qxc4 Ne5 16. Qb3 Qxb3 17. axb3 Nc6 18. b4 Nxb4 19. Bxb7 Rab8 20. Bg2 Nc2 21. Rxa7 Rxb2 22. e3 Ng4 23. Ne4 Ne5 24. Be7 Nc6 25. Bxf8 Nxa7 26. Bc5 Nb5 27. Ng5 Nc7 28. Rd1 Bf6 29. Ne4 Ne8 30. Bh3 e5 31. Be6+ Kg7 32. Rd7+ Kh6 1-0

[Event "Negambo op 4th"]
[Site "Negambo"]
[Date "2018.08.20"]
[Round "10"]
[White "Fernando, JM Marlon P"]
[Black "Chandes, K Yasindu"]
[Result "1-0"]
[WhiteElo "1687"]
[BlackElo "1314"]
[PlyCount "77"]
[EventDate "2018.08.16"]
[EventType "swiss"]
[EventRounds "10"]
[EventCountry "SRI"]
[SourceTitle "CBM 186 Extra"]
[Source "ChessBase"]
[SourceDate "2018.08.24"]
[SourceVersion "1"]
[SourceVersionDate "2018.08.24"]
[SourceQuality "1"]

1. d4 c5 2. c3 d5 3. Nf3 Nc6 4. Bf4 Nf6 5. e3 e6 6. Nbd2 Bd6 7. dxc5 Bxc5 8. Bd3 0-0 9. 0-0 Qe7 10. Ne5 Nxe5 11. Bxe5 Bd6 12. Bxd6 Qxd6 13. Nb3 e5 14. c4 Be6 15. Rc1 Rfd8 16. c5 Qd7 17. f4 e4 18. Be2 Bg4 19. Nd4 Bxe2 20. Qxe2 Rac8 21. Rc3 Ne8 22. Rfc1 Nc7 23. c6 bxc6 24. Nxc6 Re8 25. Nxa7 Nb5 26. Qxb5 Qxb5 27. Nxb5 Rcd8 28. a4 Kf8 29. Rc7 f6 30. Nd4 g6 31. Rxh7 Kg8 32. Rcc7 Rc8 33. b4 Rxc7 34. Rxc7 Kf8 35. a5 Rb8 36. b5 Ke8 37. b6 Kd8 38. Nc6+ Ke8 39. Nxb8 1-0

[Event "SRI-chB"]
[Site "Narahenpita"]
[Date "2017.05.13"]
[Round "2"]
[White "Peiris, TSS"]
[Black "Fernando, JM Marlon P"]
[Result "1-0"]
[WhiteElo "1947"]
[BlackElo "1751"]
[PlyCount "105"]
[EventDate "2017.05.12"]
[EventType "swiss"]
[EventRounds "10"]
[EventCountry "SRI"]
[SourceTitle "CBM 178 Extra"]
[Source "ChessBase"]
[SourceDate "2017.06.22"]
[SourceVersion "1"]
[SourceVersionDate "2017.06.22"]
[SourceQuality "1"]

1. e4 e6 2. d4 d5 3. Nd2 Nf6 4. e5 Nfd7 5. f4 c5 6. c3 Nc6 7. Ndf3 cxd4 8. cxd4 a5 9. Bd3 Nb6 10. Ne2 Bd7 11. 0-0 a4 12. Nc3 g6 13. Kh1 Nb4 14. Be2 h5 15. Be3 Rc8 16. Nd2 a3 17. Qb3 axb2 18. Qxb2 Be7 19. a3 Nc6 20. Rfb1 Na5 21. Bf2 0-0 22. Be1 Nbc4 23. Nxc4 Nxc4 24. Qxb7 Nxa3 25. Rc1 Rc7 26. Qa6 Nc4 27. Nb5 Bxb5 28. Qxb5 Qb8 29. Qa6 Ne3 30. Qd3 Rxc1 31. Rxc1 Nf5 32. g4 hxg4 33. Bxg4 Rc8 34. Rb1 Qc7 35. Bxf5 exf5 36. Bf2 Qc2 37. Qxc2 Rxc2 38. Kg1 Rc8 39. Rb5 Rd8 40. Kg2 Kf8 41. Kf3 Ke8 42. Ke3 Rd7 43. Rb8+ Rd8 44. Rb5 Rd7 45. Be1 Ba3 46. Bd2 Ke7 47. Kd3 Ke6 48. Ra5 Bb2 49. Ra6+ Ke7 50. Rb6 Ba3 51. Bb4+ Kd8 52. Bd6 Ra7 53. Rb5 1-0

[Event "SRI-chB"]
[Site "Colombo"]
[Date "2016.03.19"]
[Round "5"]
[White "Fernando, JM Marlon P"]
[Black "Gunaratne, Mojitha Sathsara"]
[Result "1/2-1/2"]
[WhiteElo "1812"]
[BlackElo "2051"]
[PlyCount "105"]
[EventDate "2016.03.12"]
[EventType "swiss"]
[EventRounds "10"]
[EventCountry "SRI"]
[SourceTitle "CBM 171 Extra"]
[Source "ChessBase"]
[SourceDate "2016.04.26"]
[SourceVersion "1"]
[SourceVersionDate "2016.04.26"]
[SourceQuality "1"]

1. e4 e5 2. Nf3 Nc6 3. Bb5 a6 4. Bxc6 dxc6 5. d4 f6 6. h3 exd4 7. Qxd4 Qxd4 8. Nxd4 c5 9. Ne2 Bd6 10. Bf4 Ne7 11. Nbc3 Be6 12. Bxd6 cxd6 13. Nf4 Bf7 14. Ncd5 Nxd5 15. Nxd5 0-0 16. 0-0-0 Rad8 17. Rd2 Rfe8 18. f3 Bxd5 19. Rxd5 Re5 20. Rhd1 Rxd5 21. Rxd5 Kf7 22. a4 Ke6 23. b3 g6 24. c4 b6 25. Kd2 Rf8 26. Ke3 Rb8 27. Rd2 b5 28. axb5 axb5 29. Kd3 bxc4+ 30. Kxc4 Rb4+ 31. Kc3 Rb6 32. Ra2 f5 33. Ra4 fxe4 34. Rxe4+ Kd7 35. Rf4 Ke6 36. Re4+ Kf6 37. Rf4+ Kg5 38. g3 d5 39. Rf7 h5 40. h4+ Kh6 41. g4 hxg4 42. fxg4 Rb4 43. Rc7 Rxg4 44. Rxc5 d4+ 45. Kd3 Rxh4 46. b4 g5 47. b5 Rh3+ 48. Kxd4 g4 49. Ke4 Rb3 50. Kf4 g3 51. b6 g2 52. Rc1 Kh5 53. Rg1 1/2-1/2